000 00318pab a2200121 454500
008 180718b xxu||||| |||| 00| 0 eng d
100 _aKaniyalil, John
245 _aDefence industries in Pakistan
650 _a National Defence
650 _aDefence, National - Pakistan
773 _aStrategic Analysis
909 _a24306
999 _c24306
_d24306